The use of recycled and secondary materials in residential constructions (Record no. 114692)

MARC details
000 -LEADER
fixed length control field 01112cad a22002295a 4500
001 - CONTROL NUMBER
control field L157273
008 - FIXED-LENGTH DATA ELEMENTS--GENERAL INFORMATION
fixed length control field 121009s2012 xxko f 000 0 eng d
035 ## - SYSTEM CONTROL NUMBER
System control number (Sirsi) u157273
041 0# - LANGUAGE CODE
Language code of text/sound track or separate title eng
110 1# - MAIN ENTRY--CORPORATE NAME
Corporate name or jurisdiction name as entry element NHBC Foundation
9 (RLIN) 4948
245 04 - TITLE STATEMENT
Title The use of recycled and secondary materials in residential constructions
Medium [electronic resource]
260 ## - PUBLICATION, DISTRIBUTION, ETC.
Place of publication, distribution, etc. Milton Keynes
Name of publisher, distributor, etc. NHBC Foundation
Date of publication, distribution, etc. 2012
490 #0 - SERIES STATEMENT
Series statement NF
Volume/sequential designation 45
520 ## - SUMMARY, ETC.
Summary, etc. This guide describes how to source, correctly specify and use secondary and recycled materials in residential construction (illustrated by case studies and examples). It also provides key information on how to avoid incorrect use (and consequent unsatisfactory performance) of recycled and secondary material.
521 2# - TARGET AUDIENCE NOTE
Target audience note Advanced
590 ## - LOCAL NOTE (RLIN)
Local note KA NTK
651 #4 - SUBJECT ADDED ENTRY--GEOGRAPHIC NAME
Geographic name United Kingdom
Chronological subdivision
690 ## - LOCAL SUBJECT ADDED ENTRY--TOPICAL TERM (OCLC, RLIN)
Topical term or geographic name as entry element Construction management
9 (RLIN) 6230
690 ## - LOCAL SUBJECT ADDED ENTRY--TOPICAL TERM (OCLC, RLIN)
Topical term or geographic name as entry element Residential property
9 (RLIN) 6266
856 40 - ELECTRONIC LOCATION AND ACCESS
Uniform Resource Identifier <a href="https://www.nhbcfoundation.org/Researchpublications/TheuseofrecycledandsecondarymaterialsNF45.aspx">https://www.nhbcfoundation.org/Researchpublications/TheuseofrecycledandsecondarymaterialsNF45.aspx</a>
Public note Login or register to view the report (PDF file) at www.nhbcfoundation.org
942 ## - ADDED ENTRY ELEMENTS (KOHA)
Suppress in OPAC 0
Holdings
Withdrawn status Lost status Source of classification or shelving scheme Damaged status Not for loan Home library Current library Shelving location Date acquired Total Checkouts Full call number Barcode Date last seen Copy number Price effective from Koha item type
    Dewey Decimal Classification     Virtual Virtual Online 09/10/2012   ONLINE PUBLICATION 157273-2001 06/08/2019 1 06/08/2019 Book